000
00359cam a2200157ua 4500
041
_a
eng
_h
082
_a
940
_b
LIT/HI
100
_a
Littlefield, Hennry W.
245
_a
History of europe : since 1815
250
_a
20 /
_b
.
260
_a
Newyork :
_b
Barnes & Noble Inc ,
_c
1961.
300
_a
322 ; .
504
_a
942
_c
BK
999
_c
620
_d
620